000 00902nam a2200133Ia 4500
008 220615s9999||||xx |||||||||||||| ||und||
020 _a9782890000000
245 0 _aFractal and Multifractal Facets in the Structure and Dynamics of Physiological Systems and Applications to Homeostatic Control, Disease Diagnosis and Integrated Cyber-Physical Platforms
546 _aEnglish[eng]
650 _acomplexity||fractality||non-stationarity||fractional calculus||homeostasis||smart medical devices||critical phenomena and its implications||emergence||self-organization||robustness||physiological resiliency||quality-of-life physiological control||cyber-physical systems
700 _aBogdan, Paul||Ivanov, Plamen Ch.||Eke, Andras
856 _uhttps://www.frontiersin.org/research-topics/5129/fractal-and-multifractal-facets-in-the-structure-and-dynamics-of-physiological-systems-and-applicati
942 _cEB
999 _c18424
_d18424